| 000 | 00762nam a22002417a 4500 | ||
|---|---|---|---|
| 003 | DO-SdBNP | ||
| 005 | 20231123082742.0 | ||
| 008 | 161130b1997 sp a| 00| 0 spa d | ||
| 020 | _a847297412x | ||
| 040 |
_aBPMSU _bspa _cBPMSU |
||
| 082 | 4 |
_a823 _bB979a 1997 _222 |
|
| 245 | 1 |
_aAlicia en el país de las maravillas / _cversión e ilustraciones de Carlos Busquets, Laura Garcia Corella |
|
| 246 | 1 | 4 | _5Alicia |
| 260 |
_aEspaña : _bSaldaña, _c1997. |
||
| 300 |
_a34 p. : _bil., ; _c32 cm. |
||
| 490 | 0 |
_aRomantica, _v1 |
|
| 590 | _aInventariado, 2023/VM | ||
| 650 | 4 | _aCuentos infantiles ingleses | |
| 650 | 4 | _aLiteratura infantil inglesa | |
| 700 | 1 |
_aGarcia Corella, Laura _e |
|
| 910 | _aBTAVÁREZ/VMateo V. Control de calidad. BPMSU | ||
| 942 |
_2ddc _cBK |
||
| 999 |
_c12188 _d12188 |
||